| 000 | 01264cad a2200277 4500 | ||
|---|---|---|---|
| 001 | L158665 | ||
| 008 | 110215n2013 000 0 eng u | ||
| 020 | _a9781783210305 | ||
| 035 | _a(Sirsi) u158665 | ||
| 041 | _aeng | ||
| 100 | 1 | _aRegan, Michael | |
| 111 | 2 |
_aConstruction and Building Research Conference _cIIT Delhi, New Delhi _d10-12 September 2013 |
|
| 245 | 0 | 0 |
_aAustralian bid cost benchmarking of public private partnerships _h[electronic resource] |
| 260 |
_aLondon _bRICS _c2013 |
||
| 490 | 0 |
_aCOBRA _v2013 |
|
| 520 | _aA paper presented at the COBRA Conference in New Delhi on 10-12 September 2013. Reviews empirical and pilot survey evidence to ascertain bid cost benchmarks for public private partnership (PPP) projects in Australia. This review seeks to construct approximate bid cost benchmarks from a limited and informal survey of leading building contractors, financial institutions and consultants participating in the PPP bid market. | ||
| 650 | 2 | 4 | _aCONSTRUCTION AND BUILDING RESEARCH CONFERENCE (COBRA) |
| 650 | 2 | 4 | _aPUBLIC PRIVATE PARTNERSHIPS |
| 650 | 2 | 4 | _aBENCHMARKING |
| 650 | 2 | 4 | _aTENDERING |
| 651 | 4 | _aAustralia | |
| 690 |
_aQuantity surveying _96263 |
||
| 700 | 1 | _aSmith, Jim | |
| 700 | 1 | _aLove, Peter | |
| 942 | _n0 | ||
| 999 |
_c115444 _d115444 |
||